Diseño mecánico de un dosificador de lubricante Molub Alloy 491-C para aplicación en las superficies de contacto móvil de un horno rotatorio de clinker
Uloženo v:
| Hlavní autor: | |
|---|---|
| Další autoři: | , , |
| Médium: | Kniha |
| Jazyk: | Spanish |
| Vydáno: |
San José, Costa Rica
2015
|
| Témata: | |
| Tagy: |
Přidat tag
Žádné tagy, Buďte první, kdo vytvoří štítek k tomuto záznamu!
|
MARC
| LEADER | 00000nam a22000007a 4500 | ||
|---|---|---|---|
| 003 | 012328 | ||
| 005 | 20230908144239.0 | ||
| 008 | 160225b2015 cr a|||| |||| 00| ||spa d | ||
| 040 | |c cru CEDI | ||
| 100 | |9 1443 |a Molina Bolaños, José Pablo, 1987- | ||
| 245 | |a Diseño mecánico de un dosificador de lubricante Molub Alloy 491-C para aplicación en las superficies de contacto móvil de un horno rotatorio de clinker | ||
| 260 | |a San José, Costa Rica |c 2015 | ||
| 300 | |a xv, 167 hojas : ilustraciones (algunas a color) + 1 disco de computadora (archivos de texto : planos, PDF ; 12 cm) | ||
| 500 | |a Proyecto de graduación (licenciatura en ingeniería mecánica)--Universidad de Costa Rica. Facultad de Ingeniería. Escuela de Ingeniería Mecánica | ||
| 501 | |a Director de Proyecto de Graduación: Mag. Rodolfo Soto Urbina | ||
| 610 | 0 | |9 1444 |a CEMEX DE COSTA RICA | |
| 650 | |x HORNOS ROTATORIOS- LUBRICANTES |x DISEÑO Y CONSTRUCCION |x DISEÑO DE MAQUINAS |x SISTEMAS DE LUBRICACION - DISEÑO |x SISTEMAS DE LUBRICACION |9 3315 | ||
| 700 | |9 1445 |a Ramírez Sobalvarro, Christian, 1988- | ||
| 700 | |9 1446 |a Sánchez Chavarría, Federico, 1985- | ||
| 700 | |9 199 |a Soto Urbina, Rodolfo, 1961- |d Director del TFG | ||
| 942 | |c CEDI |h TFG 7492 |6 TFG_7492_000000000000000 | ||
| 999 | |c 16155 |d 16155 | ||
